| 000 | 00443nam a2200157Ia 4500 | ||
|---|---|---|---|
| 008 | 220204s9999 xx 000 0 und d | ||
| 082 |
_a581.2(213.5) _bREV.2 |
||
| 245 | 0 | _aReview of tropical plant pathology. V 2. Fruit diseases | |
| 260 |
_aDelhi _bToday and Tomorrow _c1986 |
||
| 650 | _aBanana disease | ||
| 650 | _aFruit disease | ||
| 650 | _aPhytophthora disease | ||
| 700 | _aRaychaudhuri, S P | ||
| 700 | _aVerma, J P | ||
| 942 | _cBK | ||
| 999 |
_c40199 _d40199 |
||